LEADER 01973oam 2200589zu 450 001 9910139416503321 005 20220718214121.0 010 $a0-470-33976-4 010 $a0-470-33951-9 035 $a(CKB)2480000000008316 035 $a(SSID)ssj0000506300 035 $a(PQKBManifestationID)11324420 035 $a(PQKBTitleCode)TC0000506300 035 $a(PQKBWorkID)10512907 035 $a(PQKB)11341816 035 $a(EXLCZ)992480000000008316 100 $a20160829d2007 uy 101 0 $aeng 181 $ctxt 182 $cc 183 $acr 200 10$aAdvanced ceramic coatings and interfaces II 210 31$a[Place of publication not identified]$cWiley American Ceramic Society Imprint$d2007 225 0 $aCeramic engineering and science proceedings Advanced Ceramic Coatings and Interfaces II 300 $aBibliographic Level Mode of Issuance: Monograph 311 $a0-470-19634-3 606 $aCeramic coating$vCongresses 606 $aSolid oxide fuel cells$vCongresses 606 $aCeramic materials$vCongresses 606 $aComposite materials$vCongresses 606 $aMechanical Engineering$2HILCC 606 $aEngineering & Applied Sciences$2HILCC 606 $aIndustrial & Management Engineering$2HILCC 615 0$aCeramic coating 615 0$aSolid oxide fuel cells 615 0$aCeramic materials 615 0$aComposite materials 615 7$aMechanical Engineering 615 7$aEngineering & Applied Sciences 615 7$aIndustrial & Management Engineering 702 $aHua-Tay$b Lin 702 $aSalem$b J. A 702 $aSchulz$b Uwe 702 $aZhu$b Dongming 702 $aHua-Tay$b Lin 712 02$aAmerican Ceramic Society, Inc. 712 12$aInternational Conference on Advanced Ceramics and Composites 801 0$bPQKB 906 $aBOOK 912 $a9910139416503321 996 $aAdvanced Ceramic Coatings and Interfaces II$91225023 997 $aUNINA LEADER 01157nam a2200289 i 4500 001 991003119979707536 008 060530s2003 gw a b 001 0 eng d 020 $a3540015272 035 $ab13632796-39ule_inst 040 $aDip.to Ingegneria dell'Innovazione$beng 082 0 $a621.369$221 100 1 $aSuhara, Toshiaki,$d1950-$0300028 245 10$aWaveguide nonlinear-optic devices /$cT. Suhara, M. Fujimura 260 $aBerlin ;$aNew York :$bSpringer,$c2003 300 $axiii, 321 p. :$bill. ;$c24 cm 440 0$aSpringer series in photonics,$x1437-0379 ;$vv. 11 504 $aIncludes bibliographical references and index 650 4$aOptoelectronic devices 650 4$aOptical wave guides 650 4$aNonlinear optics 700 1 $aFujimura, M.$q(Masatoshi),$d1965- 907 $a.b13632796$b28-01-14$c21-12-07 912 $a991003119979707536 945 $aLE026 621.369 SUH 01.01 2003$g1$i2026000039305$lle026$nProf. De Vittorio / Biblioteca$op$pE89.95$q-$rl$s- $t4$u1$v0$w1$x0$y.i14636992$z21-12-07 996 $aWaveguide nonlinear-optic devices$91216809 997 $aUNISALENTO 998 $ale026$b30-05-06$cm$da $e-$feng$ggw $h0$i0 LEADER 01590nam a2200361 i 4500 001 991000615279707536 008 100225s2009 it a 000 0 ita d 020 $a9788890267932 035 $ab13884621-39ule_inst 040 $aDip.to Fisica$beng 082 00$a610.28$220 084 $aLC R856 084 $a53.9.7 100 1 $aCastellano, Alfredo$0283066 245 10$aFisica e tecnica delle apparecchiature biomediche :$btomografia computerizzata, risonanza magnetica, ecografia /$cAlfredo Castellano, Giorgio De Nunzio, Marina Donativi 260 $aArnesano (LE) :$bDeltaEdit,$cc2009 300 $a93 p. :$bill. ;$c23 cm 440 0$aCollana di Fisica e Ingegneria Applicata;$v1 504 $aIncludes bibliographical references and index 650 4$aMedical instruments and apparatus. 650 4$aBiomedical Engineering$xInstrumentation 650 4$aElectronics, Medical$xInstrumentation 650 4$aEquipment and Supplies 650 4$aMonitoring, Physiologic$xInstrumentation 700 1 $aDe Nunzio, Giorgio$eauthor$4http://id.loc.gov/vocabulary/relators/aut$0462000 700 1 $aDonativi, Marina 907 $a.b13884621$b25-02-10$c25-02-10 912 $a991000615279707536 945 $aLE006 53.9.7 CAS$g1$i2006000163934$lle006$op$pE12.00$q-$rl$s- $t0$u7$v0$w7$x0$y.i15083238$z25-02-10 945 $aLE006 53.9.7 CAS$g1$i2006000163941$lle006$op$pE12.00$q-$rl$s- $t0$u8$v0$w8$x0$y.i1508324x$z25-02-10 996 $aFisica e tecnica delle apparecchiature biomediche$91440714 997 $aUNISALENTO 998 $ale006$b25-02-10$cm$da $e-$fita$git $h0$i0